Statistiques concernant Pays d'Asie du Sud-Est

Cliquez ici pour prendre le quiz!

Statistiques générales

  • Ce quiz a été pris 4,033 fois
  • Le résultat moyen est 10 sur 11

Statistiques - réponses

Pays % Correct
Indonésie
97%
Laos
96%
Thaïlande
96%
Viêt Nam
96%
Cambodge
93%
Malaisie
92%
Birmanie
89%
Philippines
88%
Singapour
86%
Brunei
74%
Timor oriental
74%

Distribution des résultats

Percentile by Number Answered

% des personnes avec chaque résultat

Votre développement - résultats

Vous n’avez pas pris ce quiz